00678nam a2200169 a 450000100100000000500170001000800410002702000150006804000250008324501230010826000470023130000200027849000610029870000230035971000650038283000610044700004108420201002034615.0130917s2004 sp 000 0 spa d a8400082370 aDO-SdBNPbspacBNPHU00aBase corológicas de flora corológicas ibérica :badiciones y números 2179-2238 /ceditado porJ.C. Hernández. aMadrid :bReal Jardín Botánico,c2004. a94 p. ;c24 cm.1 aCuadernos de trabajo de Flora micológica Ibéricav201 aHernández, J. C.2 aConsejo Superior de Investigaciones Sientíficas (España) 0aCuadernos de trabajo de Flora micológica Ibéricav20